<?xml version="1.0" encoding="UTF-8"?>
<collection xmlns="http://www.loc.gov/MARC21/slim">
<record>
  <controlfield tag="001">169839</controlfield>
  <controlfield tag="005">20260304131019.0</controlfield>
  <datafield tag="037" ind1=" " ind2=" ">
    <subfield code="a">TAZ-TFG-2025-4617</subfield>
  </datafield>
  <datafield tag="041" ind1=" " ind2=" ">
    <subfield code="a">spa</subfield>
  </datafield>
  <datafield tag="100" ind1="1" ind2=" ">
    <subfield code="a">Zarranz Lacunza, Aritz</subfield>
  </datafield>
  <datafield tag="242" ind1="0" ind2="0">
    <subfield code="a">Impact of drought on agricultural production and the use of biodiversity for its mitigation</subfield>
  </datafield>
  <datafield tag="245" ind1="0" ind2="0">
    <subfield code="a">Impacto de la sequía en la producción agrícola y el uso de la biodiversidad para su mitigación</subfield>
  </datafield>
  <datafield tag="260" ind1=" " ind2=" ">
    <subfield code="a">Zaragoza</subfield>
    <subfield code="b">Universidad de Zaragoza</subfield>
    <subfield code="c">2025</subfield>
  </datafield>
  <datafield tag="500" ind1=" " ind2=" ">
    <subfield code="a">Resumen disponible también en inglés</subfield>
  </datafield>
  <datafield tag="506" ind1=" " ind2=" ">
    <subfield code="a">by-nc-sa</subfield>
    <subfield code="b">Creative Commons</subfield>
    <subfield code="c">3.0</subfield>
    <subfield code="u">http://creativecommons.org/licenses/by-nc-sa/3.0/</subfield>
  </datafield>
  <datafield tag="520" ind1=" " ind2=" ">
    <subfield code="a">Los fenómenos meteorológicos extremos como las olas de calor o las sequías incrementados por el cambio climático son una de las principales amenazas a las que se enfrenta la agricultura. Estos comprometen el rendimiento de la producción y la estabilidad de los cultivos. Por ello, se necesita una estrategia que sea capaz de hacer frente a estos problemas sin comprometer la seguridad alimentaria y que, al mismo tiempo, sea respetuosa con el medio ambiente. Ante esta situación, se plantea utilizar la biodiversidad para aumentar la resiliencia de los cultivos.&lt;br />El objetivo de este trabajo es analizar el efecto amortiguador de la biodiversidad ante unas condiciones de sequía sobre la producción de biomasa en comunidades vegetales experimentales. Para ello, se llevaron a cabo 60 mesocosmos en invernadero con distintos niveles de diversidad (1, 2, 4, 8 y 12 especies) de plantas sometidos a dos tratamientos hídricos: control y sequía. Después de doce semanas se cuantificó la biomasa aérea producida en cada uno de ellos, y se comparó con la biomasa esperada considerando cada especie individualmente. Los resultados muestran que no hubo diferencias significativas en la producción de biomasa entre los tratamientos de sequía y control, probablemente debido a la condensación de agua en el invernadero. Además, todos los mesocosmos presentaron una biomasa menor respecto a la que se esperaba debido a la competencia entre especies. Sin embargo, sí se observó un efecto claro de la biodiversidad: aunque las comunidades con mayor número de especies fueron las menos productivas, presentaron una producción de biomasa más similar a la esperada y más estable, posiblemente por efectos de complementariedad y portafolio. Estos resultados sugieren que la biodiversidad podría ayudar a mejorar la resiliencia de los cultivos.&lt;br /></subfield>
  </datafield>
  <datafield tag="521" ind1=" " ind2=" ">
    <subfield code="a">Graduado en Ciencias Ambientales</subfield>
  </datafield>
  <datafield tag="540" ind1=" " ind2=" ">
    <subfield code="a">Derechos regulados por licencia Creative Commons</subfield>
  </datafield>
  <datafield tag="653" ind1="1" ind2=" ">
    <subfield code="a">Cambio climático</subfield>
  </datafield>
  <datafield tag="653" ind1="1" ind2=" ">
    <subfield code="a">Estabilidad</subfield>
  </datafield>
  <datafield tag="653" ind1="1" ind2=" ">
    <subfield code="a">Mesocosmos</subfield>
  </datafield>
  <datafield tag="653" ind1="1" ind2=" ">
    <subfield code="a">Mecanismos de Biodiversidad</subfield>
  </datafield>
  <datafield tag="653" ind1="1" ind2=" ">
    <subfield code="a">Experimento de invernadero</subfield>
  </datafield>
  <datafield tag="653" ind1="1" ind2=" ">
    <subfield code="a">Sequía</subfield>
  </datafield>
  <datafield tag="653" ind1="1" ind2=" ">
    <subfield code="a">Producción agrícola</subfield>
  </datafield>
  <datafield tag="856" ind1="0" ind2=" ">
    <subfield code="f">828860@unizar.es</subfield>
  </datafield>
  <datafield tag="856" ind1="4" ind2=" ">
    <subfield code="s">2493341</subfield>
    <subfield code="u">http://zaguan.unizar.es/record/169839/files/TAZ-TFG-2025-4617_ANE.pdf</subfield>
    <subfield code="y">Anexos (spa)</subfield>
  </datafield>
  <datafield tag="856" ind1="4" ind2=" ">
    <subfield code="s">3592406</subfield>
    <subfield code="u">http://zaguan.unizar.es/record/169839/files/TAZ-TFG-2025-4617.pdf</subfield>
    <subfield code="y">Memoria (spa)</subfield>
  </datafield>
  <datafield tag="909" ind1="C" ind2="O">
    <subfield code="o">oai:zaguan.unizar.es:169839</subfield>
    <subfield code="p">driver</subfield>
    <subfield code="p">trabajos-fin-grado</subfield>
  </datafield>
  <datafield tag="950" ind1=" " ind2=" ">
    <subfield code="a"></subfield>
  </datafield>
  <datafield tag="691" ind1=" " ind2=" ">
    <subfield code="a">12 13</subfield>
  </datafield>
  <datafield tag="692" ind1=" " ind2=" ">
    <subfield code="a">Busca la correcta gestión del uso del agua, así como la compatibilización de la biodiversidad con la agricultura favoreciendo así al manejo eficiente de los recursos naturales. Se busca fomentar una agricultura resiliente</subfield>
  </datafield>
  <datafield tag="700" ind1=" " ind2=" ">
    <subfield code="a">Saiz Bustamante, Hugo</subfield>
    <subfield code="e">dir.</subfield>
  </datafield>
  <datafield tag="710" ind1="2" ind2=" ">
    <subfield code="a">Universidad de Zaragoza</subfield>
    <subfield code="b">Ciencias Agrarias y del Medio Natural</subfield>
    <subfield code="c">Ecología</subfield>
  </datafield>
  <datafield tag="980" ind1=" " ind2=" ">
    <subfield code="a">TAZ</subfield>
    <subfield code="b">TFG</subfield>
    <subfield code="c">EPSHUES</subfield>
  </datafield>
  <datafield tag="999" ind1=" " ind2=" ">
    <subfield code="a">20251110134548.CREATION_DATE</subfield>
  </datafield>
  <datafield tag="951" ind1=" " ind2=" ">
    <subfield code="a">deposita:2026-03-04</subfield>
  </datafield>
</record>
</collection>